Real estate market analysis and forecasting (Record no. 103747)

MARC details
000 -LEADER
fixed length control field 00417cam a2200169 4500
001 - CONTROL NUMBER
control field L127348
008 - FIXED-LENGTH DATA ELEMENTS--GENERAL INFORMATION
fixed length control field 040913n2008 000 0 eng u
020 ## - INTERNATIONAL STANDARD BOOK NUMBER
International Standard Book Number 140512122X
035 ## - SYSTEM CONTROL NUMBER
System control number (Sirsi) u127348
100 ## - MAIN ENTRY--PERSONAL NAME
Personal name McGough, T.
245 ## - TITLE STATEMENT
Title Real estate market analysis and forecasting
260 ## - PUBLICATION, DISTRIBUTION, ETC.
Place of publication, distribution, etc. Blackwells
Date of publication, distribution, etc. 2008
350 ## - PRICE (NR) (BK AM CF MU VM SE) [OBSOLETE]
Price 39.50
520 ## - SUMMARY, ETC.
Summary, etc. Due for publication December 2006
942 ## - ADDED ENTRY ELEMENTS (KOHA)
Suppress in OPAC 0

No items available.